Olympiqye Lyon players since 2000 - Statistics

General Stats
  • This quiz has been taken 26 times
  • The average score is 105 of 236
Answer Stats
Ranking Player Positions Nationality Matches Goals Assists Periods % Correct
2 Alexandre Lacazette FW 297 161 30 2009-2016, 2022-2025
100%
1 Anthony Lopes GK 378 0 0 2012-2024
100%
9 Corentin Tolisso DF, MF 203 31 20 2013-2016, 2022-2025
95%
5 Grégory Coupet GK 256 0 0 2000-2008
95%
33 Karim Benzema FW 112 43 13 2004-2009
95%
154 Miguel Lopes DF 19 0 1 2013-2014
95%
56 Nicolás Tagliafico DF 83 7 5 2022-2025
95%
49 Yoann Gourcuff MF 90 14 17 2010-2015
95%
8 Cris DF 225 20 2 2004-2013
89%
18 Hugo Lloris GK 146 0 0 2008-2013
89%
6 Juninho Pernambucano MF 248 74 62 2001-2009
89%
10 Kim Källström MF 199 17 27 2006-2012
89%
28 Lisandro López MF, FW 119 59 13 2009-2013
89%
52 Bertrand Traoré MF, FW 88 21 9 2017-2020
84%
69 Gueïda Fofana DF, MF 72 4 3 2011-2015
84%
76 Hatem Ben Arfa MF, FW 64 7 6 2004-2008
84%
20 Nabil Fekir MF, FW 145 54 30 2013-2019
84%
236 Yassin Fekir FW 1 0 0 2018-2019
84%
89 Ainsley Maitland-Niles DF, MF 55 2 8 2023-2025
79%
4 Anthony Réveillère DF 286 3 15 2003-2013
79%
13 Bafétimbi Gomis FW 178 64 14 2009-2014
79%
40 Dejan Lovren DF 99 3 1 2009-2012, 2022-2024
79%
103 Duje Ćaleta-Car DF 43 1 0 2023-2025
79%
53 Fred FW 87 34 11 2005-2009
79%
12 Houssem Aouar MF, FW 179 30 24 2016-2023
79%
35 Jérémy Morel DF 105 0 5 2015-2019
79%
27 Mahamadou Diarra MF 120 7 6 2002-2007
79%
101 Malick Fofana FW 46 8 4 2023-2025
79%
113 Mariano MF, FW 37 18 4 2017-2019
79%
7 Maxime Gonalons MF 242 7 7 2009-2017
79%
11 Maxwel Cornet DF, MF, FW 184 31 22 2014-2022
79%
21 Memphis MF, FW 139 63 43 2016-2021
79%
48 Miralem Pjanić MF 90 10 12 2008-2012
79%
102 Nemanja Matić MF 44 0 1 2023-2025
79%
3 Sidney Govou MF, FW 288 49 34 2000-2010
79%
162 Alou Diarra MF 15 1 0 2006-2007
74%
119 Georges Mikautadze FW 34 11 6 2024-2025
74%
87 Mathieu Valbuena MF, FW 56 9 10 2015-2017
74%
17 Maxence Caqueret MF 147 5 11 2019-2025
74%
71 Michael Essien DF, MF 71 7 2 2003-2005
74%
41 Michel Bastos DF, MF 98 26 13 2009-2013
74%
24 Moussa Dembélé MF, FW 129 56 10 2018-2023
74%
19 Rayan Cherki MF, FW 146 14 27 2019-2025
74%
23 Samuel Umtiti DF 131 3 2 2011-2016
74%
50 Bakary Koné DF 89 6 1 2011-2016
68%
72 Christophe Jallet DF 68 3 10 2014-2017
68%
30 Clément Grenier MF, FW 116 14 17 2009-2018
68%
85 Ferland Mendy DF 57 2 6 2017-2019
68%
38 Jason Denayer DF 102 6 1 2018-2022
68%
15 Jérémy Toulalan DF, MF 154 0 8 2006-2011
68%
14 Jordan Ferri MF 161 7 9 2012-2019
68%
44 Karl Toko Ekambi MF, FW 92 32 14 2019-2023
68%
31 Lucas Tousart MF 114 3 3 2015-2020
68%
61 Sonny Anderson FW 78 48 9 2000-2003
68%
171 Anderson DF 12 1 0 2007-2008
63%
86 Bruno Guimarães MF 56 3 4 2019-2022
63%
93 Fabio Grosso DF, MF 53 2 3 2007-2010
63%
22 Florent Malouda MF, FW 138 25 22 2003-2007
63%
121 Lucas Perri GK 33 0 0 2024-2025
63%
26 Marcelo DF 121 6 2 2017-2022
63%
66 Rémy Vercoutre GK 75 0 0 2002-2003, 2005-2014
63%
223 Sidy Koné MF 2 0 0 2011-2012
63%
137 Tanner Tessmann MF 25 1 0 2024-2025
63%
88 Tiago Mendes MF 56 9 7 2005-2007
63%
179 Youssouf Koné DF 11 0 0 2019-2020
63%
188 Amine Gouiri MF, FW 8 0 0 2017-2018, 2019-2020
58%
158 Amin Sarr MF, FW 16 1 1 2022-2024
58%
84 Clinton Mata DF 57 0 7 2023-2025
58%
105 Fernando Marçal DF, MF 42 0 4 2017-2021
58%
60 François Clerc DF 78 1 2 2005-2010
58%
64 Jean Makoun MF 76 8 6 2008-2011
58%
122 Jérôme Boateng DF 32 0 1 2021-2023
58%
145 Joachim Andersen DF 21 1 0 2019-2021
58%
75 Lucas Paquetá MF, FW 67 18 11 2020-2023
58%
216 Mamadou Sarr DF 2 0 0 2022-2024
58%
218 Mouhamadou-Naby Sarr DF 2 0 0 2013-2014
58%
125 Moussa Niakhate DF 31 0 0 2024-2025
58%
32 Thiago Mendes DF, MF 114 2 9 2019-2023
58%
82 Tino Kadewere MF, FW 59 11 3 2020-2021, 2023-2024
58%
109 Yassine Benzia MF, FW 38 4 3 2011-2015
58%
106 Bradley Barcola MF, FW 40 5 9 2021-2024
53%
68 César Delgado MF, FW 72 7 5 2007-2011
53%
63 Éric Abidal DF 76 0 5 2004-2007
53%
34 Jimmy Briand MF, FW 110 22 18 2010-2014
53%
118 John Carew FW 35 10 1 2005-2007
53%
194 Julian Pollersbeck GK 6 0 0 2021-2022
53%
92 Mapou Yanga-Mbiwa DF 54 2 0 2015-2018
53%
73 Mathieu Bodmer DF, MF 68 7 3 2007-2010
53%
65 Milan Biševac DF 76 0 1 2012-2016
53%
169 Nicolas Nkoulou DF 13 0 0 2016-2017
53%
54 Rachid Ghezzal MF, FW 87 11 13 2012-2013, 2014-2017
53%
58 Sylvain Wiltord MF, FW 82 20 11 2004-2007
53%
36 Edmílson DF, MF 104 3 5 2000-2004
47%
129 Emerson Palmieri DF, MF 29 1 2 2021-2022
47%
96 Ernest Nuamah MF, FW 52 6 3 2023-2025
47%
127 Islam Slimani FW 30 4 2 2020-2022
47%
39 Leo Dubois DF, MF 101 3 10 2018-2022
47%
130 Mattia De Sciglio DF, MF 29 0 1 2020-2021
47%
37 Rafael DF, MF 103 2 8 2015-2020
47%
70 Sinaly Diomande DF 72 0 0 2020-2024
47%
62 Tanguy Ndombele MF 77 1 15 2017-2018, 2021-2022
47%
95 Abdul Kader Keïta MF, FW 52 5 4 2007-2009
42%
83 Castello Lukeba DF 58 4 0 2021-2023
42%
138 Damien Da Silva DF, MF 24 0 0 2021-2023
42%
228 Florent da Silva MF 1 0 0 2020-2021
42%
201 Habib Keita MF 4 0 0 2020-2022
42%
59 Henri Bedimo DF 81 1 12 2013-2016
42%
131 Jake O'Brien DF 27 4 2 2023-2024
42%
132 Jordan Veretout MF 27 2 0 2024-2025
42%
46 Péguy Luyindula MF, FW 91 33 8 2001-2004
42%
29 Steed Malbranque MF 118 8 11 2000-2001, 2012-2016
42%
148 Abner DF 19 1 1 2024-2025
37%
225 Alejandro Rodriguez MF 1 0 0 2024-2025
37%
43 Aly Cissokho DF 93 1 3 2009-2013
37%
210 Christopher Martins MF 2 0 0 2017-2018
37%
111 Clinton N'Jie MF, FW 37 7 7 2012-2015
37%
212 Demba Touré MF, FW 2 0 0 2002-2003
37%
193 Djamel Benlamri DF 6 0 0 2020-2021
37%
57 Ederson MF 82 11 10 2008-2012
37%
45 Éric Carrière MF 91 12 21 2001-2004
37%
159 Gift Orban DF, FW 16 3 0 2023-2025
37%
126 Giovane Élber FW 30 11 3 2003-2005
37%
114 Henrique DF, FW 36 1 2 2021-2024
37%
180 Ishak Belfodil MF, FW 10 0 0 2009-2010, 2011-2012
37%
198 Jacek Bąk DF 5 0 0 2000-2001
37%
107 Jérémy Pied DF, FW 40 4 2 2010-2013
37%
91 Kenny Tete DF, MF 54 1 8 2017-2021
37%
94 Malo Gusto DF 53 0 5 2020-2023
37%
139 Milan Baroš FW 24 7 1 2006-2008
37%
74 Mouhamadou Dabo DF 68 0 2 2011-2015
37%
187 Orel Mangala MF 9 2 0 2023-2025
37%
232 Rémy Descamps GK 1 0 0 2024-2025
37%
182 Rémy Riou GK 10 0 0 2022-2024
37%
136 Saïd Benrahma MF, FW 25 4 6 2023-2025
37%
98 Sergi Darder MF, FW 52 3 3 2015-2018
37%
134 Tetê MF, FW 26 8 7 2021-2023
37%
161 Thiago Almada MF, FW 16 1 4 2024-2025
37%
178 Xherdan Shaqiri MF, FW 11 2 3 2021-2022
37%
204 Adryelson DF, FW 3 0 0 2023-2025
32%
164 Aldo Kalulu MF, FW 14 3 0 2015-2017
32%
206 Anthony Martial MF, FW 3 0 0 2012-2013
32%
144 Benoît Pedretti MF 21 2 1 2005-2006
32%
25 Caçapa DF, MF 125 7 1 2000-2007
32%
211 Ciprian Tătărușanu GK 2 0 0 2019-2020
32%
51 Éric Deflandre DF 89 0 3 2000-2004
32%
142 Fábio Santos MF 22 1 0 2006-2009
32%
185 Florent Balmont MF 9 0 0 2002-2003
32%
108 Jeff Reine-Adélaïde MF, FW 39 2 2 2019-2023
32%
112 Johann Lepenant MF 37 1 2 2022-2024
32%
160 Lindsay Rose DF 16 0 0 2014-2016
32%
172 Loïc Rémy FW 12 0 0 2006-2008
32%
153 Maciej Rybus DF, MF 19 0 1 2016-2017
32%
167 Mahamadou Diawara MF 13 0 0 2023-2025
32%
168 Myziane Maolida MF, FW 13 1 0 2017-2018
32%
124 Nilmar FW 32 2 1 2004-2005
32%
170 Pape Cheikh Diop MF 13 0 0 2017-2019
32%
16 Patrick Müller DF 154 3 7 2000-2003, 2005-2008
32%
78 Sébastien Squillaci DF 62 3 0 2006-2008
32%
116 Steve Marlet MF, FW 36 13 7 2000-2002
32%
203 Wilfried Zaha MF, FW 4 0 0 2024-2025
32%
100 David Linarès MF 50 0 0 2000-2002
26%
192 Diego Moreira DF, MF, FW 7 0 0 2023-2024
26%
156 Emanuel Mammana DF 17 1 0 2016-2017
26%
135 Frédéric Née FW 25 3 0 2001-2003
26%
150 Frédéric Piquionne FW 19 2 0 2008-2009
26%
151 Jean Lucas MF, FW 19 1 0 2019-2021
26%
81 Jean-Marc Chanelet DF 59 3 3 2000-2003
26%
214 Jean-Philippe Mateta FW 2 0 0 2016-2017
26%
152 Jeffinho MF, FW 19 2 1 2022-2024
26%
117 Jérémy Clément MF 35 1 1 2003-2006
26%
123 Lamine Diatta DF 32 0 1 2004-2006
26%
104 Marc-Vivien Foé MF 43 3 0 2000-2002
26%
90 Martin Terrier MF, FW 55 10 2 2018-2020
26%
146 Mohamed Yattara FW 21 1 1 2014-2015
26%
181 Paul Akouokou DF, MF 10 0 0 2023-2025
26%
47 Philippe Violeau MF 91 6 6 2000-2003
26%
99 Sael Kumbedi DF 51 0 3 2022-2025
26%
42 Vikash Dhorasoo MF 95 9 20 2000-2001, 2002-2004
26%
196 Yohan Gomez DF, MF 6 0 0 2003-2004
26%
191 Alassane Pléa MF, FW 7 0 0 2012-2014
21%
77 Christophe Delmotte DF, MF 63 8 4 2000-2004
21%
149 Claudio Beauvue MF, FW 19 5 2 2015-2016
21%
197 Fabián Monzón DF 5 0 1 2012-2013
21%
133 Florent Laville DF 26 1 0 2000-2003
21%
176 Gaël Danic MF 11 0 0 2013-2015
21%
80 Jean-Alain Boumsong DF 59 2 0 2007-2010
21%
67 Jérémy Berthod DF 74 1 1 2003-2007
21%
173 Mathieu Gorgelin GK 12 0 0 2013-2014, 2015-2019
21%
174 Mehdi Zeffane DF, MF 12 0 0 2013-2015
21%
163 Melvin Bard DF, MF 15 0 0 2019-2021
21%
217 Mohamed El Arouch MF, FW 2 0 0 2022-2024
21%
120 Mouctar Diakhaby DF 34 2 0 2016-2018
21%
186 Nadir Belhadj DF, MF 9 0 1 2007-2008
21%
177 Nicolas Puydebois GK 11 0 0 2002-2005
21%
219 Oumar Solet DF 2 0 0 2018-2020
21%
140 Pape Diakhaté DF 24 1 0 2010-2011
21%
115 Pierre-Alain Frau MF, FW 36 7 4 2004-2006
21%
97 Pierre Laigle DF, MF 52 3 4 2000-2002
21%
221 Romain Del Castillo MF, FW 2 0 0 2015-2016
21%
222 Romain Sartre DF, MF 2 0 0 2003-2004
21%
128 Tony Vairelles DF, FW 30 5 1 2000-2001, 2002-2003
21%
183 Yannis Tafer MF, FW 10 1 1 2008-2010
21%
199 Alexandre Hauw MF 4 0 0 2001-2003
16%
205 Angelo Hugues GK 3 0 0 2000-2001
16%
147 Anthony Mounier MF, FW 20 2 2 2007-2010
16%
79 Arnold Mvuemba MF, FW 59 2 2 2012-2016
16%
110 Bryan Bergougnoux MF, FW 37 4 1 2001-2002, 2003-2005
16%
227 Enzo Reale MF 1 0 0 2010-2011
16%
184 Farès Bahlouli MF, FW 9 0 0 2012-2015
16%
207 Gaëtan Perrin MF, FW 3 1 0 2015-2016
16%
200 Grégory Bettiol FW 4 0 0 2006-2007
16%
213 Harry Novillo MF, FW 2 0 0 2010-2012
16%
55 Jérémie Bréchet DF, MF 86 0 2 2000-2003
16%
166 John Mensah DF 13 0 0 2008-2009, 2011-2012
16%
157 Lamine Gassama DF 17 0 0 2008-2011
16%
231 Lenny Pintor FW 1 0 0 2018-2019
16%
143 Mama Samba Baldé MF, FW 22 2 3 2023-2025
16%
189 Marc Crosas MF 8 0 0 2007-2008
16%
220 Patrice Loko FW 2 0 0 2000-2001
16%
141 Romain Faivre MF, FW 24 3 1 2021-2023
16%
195 Serge Blanc DF 6 0 2 2000-2001
16%
190 Skelly Alvero MF 8 1 0 2023-2024
16%
155 Sylvain Monsoreau DF 19 0 0 2005-2006
16%
175 Timothée Kolodziejczak DF 12 0 0 2008-2012
16%
235 Warmed Omari DF 1 0 0 2024-2025
16%
224 Willem Geubbels MF, FW 2 0 0 2017-2018
16%
209 Zakarie Labidi MF 3 0 0 2015-2016
16%
226 Chaim El Djebali MF 1 0 0 2023-2024
11%
229 Frédéric Ribeiro DF 1 0 0 2000-2001
11%
215 Jordy Gaspar DF, MF 2 0 0 2016-2017
11%
165 Julien Viale FW 14 1 0 2003-2005
11%
230 Laurent Montoya DF 1 0 0 2002-2003
11%
202 Olivier Kemen MF 4 0 0 2015-2017
11%
233 Sandy Paillot DF 1 0 0 2007-2008
11%
234 Téo Barisic DF 1 0 0 2024-2025
11%
208 Yaya Soumaré FW 3 0 0 2020-2021
11%
No matching quizzes found
Score Distribution
Percent of People with Each Score
Percentile by Number Answered
Your Score History
You have not taken this quiz